Geography Quiz

Random Geography or City Quiz

Wisconsin Cities Quiz Stats

 Plays Quiz Updated Oct 1, 2021

Support Sporcle.
Go Orange.
Score 0/20 Timer 06:00
3 Plays Today
Rank City % Correct
1Milwaukee
96.7%
2Madison
96.1%
3Green Bay
90.2%
4Kenosha
63.8%
8Eau Claire
60.9%
5Racine
58.6%
6Appleton
58.1%
9Oshkosh
55%
12La Crosse
52.2%
7Waukesha
45.5%
Rank City % Correct
13Sheboygan
42.6%
10Janesville
40.9%
15Fond Du Lac
36.7%
18Wausau
35.2%
11West Allis
25%
14Wauwatosa
23.1%
16Brookfield
21.2%
17New Berlin
16.4%
19Greenfield
14.8%
20Franklin
0.5%

From the Vault

Click the Two Word Movies

by senordingdong

Movies 3m
Two words is sometimes all you need, but not this time. We used more.
Remove Ads.
Support Sporcle.
Get the best of Sporcle when you Go Orange. This ad-free experience offers more features, more stats, and more fun while also helping to support Sporcle. Thank you for becoming a member.

Show Comments

Extras

Top Quizzes Today


Score Distribution

Your Account Isn't Verified!

In order to create a playlist on Sporcle, you need to verify the email address you used during registration. Go to your Sporcle Settings to finish the process.

Report this User

Report this user for behavior that violates our Community Guidelines.

Details: